LEADER 00918nam0-2200325---450- 001 990008521910403321 005 20071029130149.0 010 $a978-2-84902-055-5 035 $a000852191 035 $aFED01000852191 035 $a(Aleph)000852191FED01 035 $a000852191 100 $a20070605d2007----km-y0itay50------ba 101 0 $afre 102 $aFR 105 $ay-------001yy 200 1 $aDictionnaire des combinaisons de mots$eles synoymes en contexte$fsous la direction de Dominique Le Fur 210 $aParis$cLe Robert$d2007 215 $aviii, 1011 p.$d24 cm 225 1 $a<>usuels 610 0 $aLingua francese 676 $a443.1 702 1$aLe Fur,$bDominique 801 0$aIT$bUNINA$gRICA$2UNIMARC 901 $aBK 912 $a990008521910403321 952 $a443.1 DIC$b7015$fDECLI 959 $aDECLI 996 $aDictionnaire des combinaisons de mots$9733051 997 $aUNINA LEADER 01041nam--2200337---450- 001 990002371460203316 005 20091009134652.0 035 $a000237146 035 $aUSA01000237146 035 $a(ALEPH)000237146USA01 035 $a000237146 100 $a20050120d1946----km-y0itay0103----ba 101 0 $afre 102 $aDK 105 $a||||||||001yy 200 1 $a<> sources du droit international$eetude sur la jurisprudence de la cour permanente de justice internationale$fpar Max Sorensen 210 $aCopenhague$cMunksgaard$d1946 215 $a274 p.$d24 cm 410 0$12001 454 1$12001 461 1$1001-------$12001 700 1$aSORENSEN,$bMax$0421503 801 0$aIT$bsalbc$gISBD 912 $a990002371460203316 951 $aXXIII.1.D. 97 (IG VIII 4 303)$b23568 G.$cXXIII.1.D. 97 (IG VIII)$d00243584 959 $aBK 969 $aGIU 979 $aSIAV7$b10$c20050120$lUSA01$h1133 979 $aRSIAV2$b90$c20091009$lUSA01$h1346 996 $aSources du droit international$91063596 997 $aUNISA